|
|
|
|
| LEADER |
00000nab a2200000 a 4500 |
| 001 |
vtls010351440 |
| 003 |
SK-MaSNL |
| 005 |
20260303094049.0 |
| 008 |
120412c2012 xo wrzp 0 0slo |
| 015 |
|
|
|a SNBRB2012/04
|2 rvgkpd
|
| 038 |
|
|
|a RVGKPD
|
| 040 |
|
|
|a RVGKPD
|b slo
|c RVGKPD
|e AACR2
|
| 041 |
0 |
|
|a slo
|
| 044 |
|
|
|a xo
|c SK
|
| 080 |
|
|
|a 641
|x (437.6)
|2 1997
|
| 080 |
|
|
|a 338.439.65
|x (437.6)
|2 1997
|
| 100 |
1 |
|
|a Kubániová, Martina
|4 aut
|9 847929
|
| 245 |
1 |
0 |
|a Po záruke
|b všetko netreba hneď vyhadzovať, no niektoré potraviny po dátume spotreby nás môžu otráviť
|c Martina Kubániová
|
| 300 |
|
|
|b Fotogr.
|
| 650 |
0 |
7 |
|a potraviny
|x trvanlivosť
|x skladovanie
|2 rvgkpd
|9 847921
|
| 650 |
0 |
7 |
|a Predaj potravín
|2 rvgkpd
|9 1068085
|
| 773 |
0 |
|
|t Plus 7 dní
|g Roč. XXII, č. 10 (2012), s. 28-31
|x 1210-4040
|
| 852 |
|
|
|a RVGKPD
|b KIS3G
|
| 856 |
4 |
1 |
|u http://www.pluska.sk/plus-7-dni/z-domova/03/z-niektorych-potravin-po-zaruke-mozete-otravit.html
|
| 958 |
|
|
|a SK
|
| 992 |
|
|
|a RBX
|
| 999 |
|
|
|c 1818708
|d 1820638
|